Jalgpall kui kasutamata vastupanurelv annekteeritud Eestis

Titel: Jalgpall kui kasutamata vastupanurelv annekteeritud Eestis / Indrek Schwede
Verfasser:
In: Õpetatud Eesti Selts: Õpetatud Eesti Seltsi aastaraamat, (2016), Seite 108-124
alle Artikel anzeigen
Veröffentlicht: 2016 [2017]
Format: Aufsatz
Sprache: Estnisch
Schlagworte:
Kein Bild verfügbar
X
alg: 45023105
001A    $03025:28-06-19 
001B    $01999:17-06-24 $t22:49:46.000 
001D    $03025:28-06-19 
001U    $0utf8 
001X    $00 
002@    $0Aou 
002C    $aText $btxt $2rdacontent 
002D    $aohne Hilfsmittel zu benutzen $bn $2rdamedia 
002E    $aBand $bnc $2rdacarrier 
003@    $0450231054 
007A    $0450231054 $aHEB 
010@    $aest 
010E    $erda 
011@    $a2016 $n2016 [2017] 
021A    $aJalgpall kui kasutamata vastupanurelv annekteeritud Eestis $hIndrek Schwede 
028A    $BVerfasser $4aut $71333259085 $8Schwede, Indrek$Z1962- [Tp3] $9519192842 
031A    $g17 $h108-124 $j2016 
039B    $aEnthalten in $8--Abvc--Õpetatud Eesti Selts [Tb1]. Õpetatud Eesti Seltsi aastaraamat. - Tartu : Mattiesen, 1938-. - ISSN 1406-8486 $x201600000000000892 $9047885599 
044K    $RĖstljandskaja Gubernija $RĖstonskaja SSR $#Estland $#Estland $#Estnische SSR $#Eesti $#Estonskaja SSR $#EV $#Estonia 1918 - 1940, 1991 - $#Republik Estland $#Eesti Vabariik $#Republic of Estonia $#Ėstonskaja Respublika $#Estnische Republik $#Estonia 1918-1940 ; ab 1991 $#Estonia $#Estonie $74015587-0 $8Estland [Tg1] $9085035777 
044K    $#Sowjetunion $#UdSSR $#Советский Союз $#UdSSR $#SSSR $#Republik-Republik Kesatuan Soviet Sosialis $#Sojuz Sovetskich Socialističeskich Respublik $#Union der Sozialistischen Sowjet-Republiken $#Union der SSR $#Union of Soviet Socialist Republics $#USSR $#Union des Républiques Socialistes Soviétiques $#URSS $#Russland 1923-1991 $#Russia 1923-1991 $#Padomju Sociālistiko Republiku Savienība $#PSRS $#SSṘM $#ZSSR $#TSRS $#Savez Sovjetskih Socijalističkih Republika $#Soviet Union $#SSHM $#Sojuz Radjans'kich Sozialističnich Respublik $#SRSR $#Şyra Sosjalist Cumhyrijjẹtlẹri Ittifakĭ $#Šura Socialist Gümhurietleri Ittipaky $#Šura Sosyalist Ǧümhuriyetleri Ittifaqï $#SSCB $#Союз Советских Социалистических Республик $#СССР $74077548-3 $8Sowjetunion [Tgz] $9085219754 
044K    $#Slowenien $#Slowenien $#Slovenija $#Slovenien $#LRS $#SR Slovenija $#SRS $#RS $#Socijalistička Republika Slovenija $#Kommunikationsamt Slovenija $#Republika Slovenija $#Ljudska Republika Slovenija $#Republik Slowenien $#Slovenia $#Republic of Slovenia $#Presseamt Slovenija $#SR Slovenija Socijalistička republika Slovenija $#Slovenija / Presseamt $#SRS Socijalistička republika Slovenija $#Presseamt der Regierung Sloweniens $#LRS Ljudska Republika Slovenija $74055302-4 $8Slowenien [Tg1] $9085153877 
044K    $RBallspiel $RMannschaftsspiel $#Soccer $#Football $#Gioco del calcio $#Fútbol $#Fußball $#Fußball $#Fußballspiel $#Fußballsport $74018968-5 $8Fußball [Ts1] $9085044911 
044K    $#Boycotts $#Boycotts $#Boykott $#Boykott $#Boycott $74132654-4 $8Boykott [Ts1] $9085478296 
044K    $RKombattant $ROpposition $RWiderstandskämpfer $RProtest $#Government, Resistance to $#Underground movements, War $#Résistance politique $#Mouvements de résistance $#Politischer Widerstand $#Widerstand $#Widerstandsbewegung $#Politischer Widerstand $#Widerstandsbewegung $74079262-6 $8Widerstand [Ts1] $9085225177 
045F    $a796.0947980904 $eDDC23BSB 
045F/01 $a796.09 
045F/03 $f0904 
045F/03 $g4798 
045R    $aGeschichte 1940-1991 
045T    $a7,53 $a9,10 
046L    $aEnglische Zusammenfassung unter dem Titel: Football as an unused resistance weapon in annexed Estonia 

lok: 45023105 78

exp: 45023105 78 1 #EPN
201B/01 $028-06-19 $t13:53:00.000 
201C/01 $028-06-19 
201U/01 $0utf8 
203@/01 $0105440772X 
208@/01 $a28-06-19 $be 
209A/01 $a/ $f000 $x00 
209A/01 $ab*p $x01 
220C/01 $akoe 
247C/01 $82080>Marburg/Lahn, Herder-Institut, Forschungsbibliothek, Bibliographieportal $9336309341
LEADER 00000caa a2200000 c 4500
001 450231054
003 DE-603
005 20240617224946.0
007 tu
008 190628s2016 xx |||| | u00||u|est c
035 |a (DE-599)HEB450231054 
040 |a DE-603  |b ger  |c DE-603  |d DE-603  |e rda 
041 |a est 
082 0 4 |8 1\u  |a 796.0947980904  |q DE-101  |2 23/BSB 
084 |a 7,53  |a 9,10  |2 ssgn 
085 |8 1\u  |b 796.09 
085 |8 1\u  |z 1  |s 0904 
085 |8 1\u  |z 2  |s 4798 
100 1 |a Schwede, Indrek  |d 1962-  |e Verfasser  |4 aut  |0 (DE-603)519192842  |0 (DE-588)1333259085  |2 gnd 
245 0 0 |a Jalgpall kui kasutamata vastupanurelv annekteeritud Eestis  |c Indrek Schwede 
264 0 |c 2016 [2017] 
336 |a Text  |b txt  |2 rdacontent 
337 |a ohne Hilfsmittel zu benutzen  |b n  |2 rdamedia 
338 |a Band  |b nc  |2 rdacarrier 
546 |a Englische Zusammenfassung unter dem Titel: Football as an unused resistance weapon in annexed Estonia 
648 7 |a Geschichte 1940-1991  |2 gnd 
650 7 |a Fußball  |0 (DE-588)4018968-5  |0 (DE-603)085044911  |2 gnd 
650 7 |a Boykott  |0 (DE-588)4132654-4  |0 (DE-603)085478296  |2 gnd 
650 7 |a Widerstand  |0 (DE-588)4079262-6  |0 (DE-603)085225177  |2 gnd 
651 7 |a Estland  |0 (DE-588)4015587-0  |0 (DE-603)085035777  |2 gnd 
651 7 |a Sowjetunion  |0 (DE-588)4077548-3  |0 (DE-603)085219754  |2 gnd 
651 7 |a Slowenien  |0 (DE-588)4055302-4  |0 (DE-603)085153877  |2 gnd 
773 0 8 |i Enthalten in  |a Õpetatud Eesti Selts  |t Õpetatud Eesti Seltsi aastaraamat  |d Tartu : Mattiesen, 1938-  |x 1406-8486  |g (2016), Seite 108-124  |w (DE-603)047885599  |w (DE-600)570191-0 
924 0 |9 2080  |a (DE-603)105440772X  |b DE-2080  |c HES  |d d  |g /